<?xml version="1.0" encoding="UTF-8"?>
<collection xmlns="http://www.loc.gov/MARC21/slim">
 <record>
  <leader>01240cam a22003132 a4500</leader>
  <controlfield tag="001">1108199909</controlfield>
  <controlfield tag="003">DE-627</controlfield>
  <controlfield tag="005">20131112105944.0</controlfield>
  <controlfield tag="007">tu</controlfield>
  <controlfield tag="008">940329n19uuuuuuxx |||||      00| ||ger c</controlfield>
  <datafield tag="035" ind1=" " ind2=" ">
   <subfield code="a">(DE-627)1108199909</subfield>
  </datafield>
  <datafield tag="035" ind1=" " ind2=" ">
   <subfield code="a">(DE-576)038199904</subfield>
  </datafield>
  <datafield tag="035" ind1=" " ind2=" ">
   <subfield code="a">(DE-599)BSZ038199904</subfield>
  </datafield>
  <datafield tag="040" ind1=" " ind2=" ">
   <subfield code="a">DE-627</subfield>
   <subfield code="b">ger</subfield>
   <subfield code="c">DE-627</subfield>
   <subfield code="e">rakwb</subfield>
  </datafield>
  <datafield tag="041" ind1=" " ind2=" ">
   <subfield code="a">ger</subfield>
  </datafield>
  <datafield tag="084" ind1=" " ind2=" ">
   <subfield code="a">9,10</subfield>
   <subfield code="2">ssgn</subfield>
  </datafield>
  <datafield tag="100" ind1="1" ind2=" ">
   <subfield code="a">Perrig, Alexander</subfield>
   <subfield code="d">1930-</subfield>
   <subfield code="0">(DE-588)143742450</subfield>
   <subfield code="0">(DE-627)654332126</subfield>
   <subfield code="0">(DE-576)162520069</subfield>
   <subfield code="4">aut</subfield>
  </datafield>
  <datafield tag="245" ind1="1" ind2="0">
   <subfield code="a">Michelangelo-Studien</subfield>
   <subfield code="c">Alexander Perrig</subfield>
  </datafield>
  <datafield tag="264" ind1=" " ind2="1">
   <subfield code="a">Frankfurt/M.</subfield>
   <subfield code="b">Lang</subfield>
   <subfield code="c">19XX-</subfield>
  </datafield>
  <datafield tag="336" ind1=" " ind2=" ">
   <subfield code="a">Text</subfield>
   <subfield code="b">txt</subfield>
   <subfield code="2">rdacontent</subfield>
  </datafield>
  <datafield tag="337" ind1=" " ind2=" ">
   <subfield code="a">ohne Hilfsmittel zu benutzen</subfield>
   <subfield code="b">n</subfield>
   <subfield code="2">rdamedia</subfield>
  </datafield>
  <datafield tag="338" ind1=" " ind2=" ">
   <subfield code="a">Band</subfield>
   <subfield code="b">nc</subfield>
   <subfield code="2">rdacarrier</subfield>
  </datafield>
  <datafield tag="490" ind1="0" ind2=" ">
   <subfield code="a">Kunstwissenschaftliche Studien</subfield>
   <subfield code="v">...</subfield>
  </datafield>
  <datafield tag="500" ind1=" " ind2=" ">
   <subfield code="a">Band 1 zugl.: Hamburg, Univ., Philos. Fak., Habil.-Schr., 1967</subfield>
  </datafield>
  <datafield tag="787" ind1="0" ind2="8">
   <subfield code="i">Rezension</subfield>
   <subfield code="a">Kemp, Wolfgang, 1946 - </subfield>
   <subfield code="t">Perrig, Alexander, Michelangelostudien</subfield>
   <subfield code="d">1977</subfield>
   <subfield code="w">(DE-627)1462036988</subfield>
   <subfield code="w">(DE-576)392036983</subfield>
  </datafield>
  <datafield tag="787" ind1="0" ind2="8">
   <subfield code="i">Rezension</subfield>
   <subfield code="a">Kemp, Wolfgang, 1946 - </subfield>
   <subfield code="t">Perrig, Alexander, Michelangelostudien</subfield>
   <subfield code="d">Heidelberg : Univ.-Bibl., 1977</subfield>
   <subfield code="h">Online-Ressource</subfield>
   <subfield code="w">(DE-627)1466468653</subfield>
   <subfield code="w">(DE-576)396468659</subfield>
  </datafield>
  <datafield tag="951" ind1=" " ind2=" ">
   <subfield code="a">MC</subfield>
  </datafield>
  <datafield tag="991" ind1=" " ind2=" ">
   <subfield code="a">Rezensiertes Werk</subfield>
  </datafield>
  <datafield tag="999" ind1=" " ind2=" ">
   <subfield code="a">KXP-PPN1108199909</subfield>
   <subfield code="e">4003363418</subfield>
  </datafield>
 </record>
</collection>
